000
00362nam a2200133Ia 4500
008
100328s9999 xx 000 0 und d
082
_b
57419
100
_a
किनरे जयंत
245
_a
सीमारेषा
260
_b
अपरांन्त
630
_a
सीमारेषा
730
_a
सीमारेषा
942
_c
BOOK
999
_c
543867
_d
543864